| 000 | 00648nam a2200181Ia 4500 | ||
|---|---|---|---|
| 008 | 090124s9999 xx 000 0 und d | ||
| 082 | _b119429 | ||
| 100 | _aअभ्यंकर कुसुम / कुलकर्णी सुधा | ||
| 245 | _a त्यागमूर्ती | ||
| 250 | _a1 | ||
| 260 | _c1982 | ||
| 300 | _a208 | ||
| 600 | _aअभ्यंकर कुसुम / कुलकर्णी सुधा | ||
| 630 | _a त्यागमूर्ती | ||
| 700 | _aअभ्यंकर कुसुम / कुलकर्णी सुधा | ||
| 730 | _a त्यागमूर्ती | ||
| 942 | _cBOOK | ||
| 999 |
_c165515 _d165515 |
||